000 00466nam a2200169 a 4500
001 0000-8534
003 ELIB.Books
008 110520 2006
035 _a(ELIB.Books)0000-8679
082 _aM.Div
_bJel
100 _aJelly, Saw
245 _aThe Understanding of Christian Marriage and Relating to Mari
260 _bInsein: Karen Baptist Theological Seminary
_c2006
650 _aThesis
942 _2ddc
_cBK
998 _cbat
_e2011-05-20
999 _c8534
_d8534